000 00438pab a2200157 454500
008 180718b2014 xxu||||| |||| 00| 0 eng d
100 _aGreer, Scott L. et al
245 _aDemocratizing - public services? Representation and elections in the Scottish NHS
260 _c2014
300 _ap.1089-1105.
650 _aDemocratization
650 _aHealth services
773 _aPublic Administration
908 _aN
909 _a106921
999 _c106916
_d106916